[Event "Lichtenberger Sommer 2017"]
[Site "Berlin"]
[Date "2017.08.24"]
[Round "6.72"]
[White "Keusch, Horst"]
[Black "Schneider, Eckehard"]
[Result "1/2-1/2"]
[WhiteElo "1976"]
[BlackElo "1792"]
[PlyCount "81"]
[EventDate "2017.??.??"]
[WhiteTeam "SC Eintracht Berlin"]
[BlackTeam "SF 1903 Berlin"]

1. f4 d5 2. Nf3 g6 3. e3 Bg7 4. Be2 c5 5. O-O Nc6 6. d3 Nf6 7. Ne5 O-O 8. Nd2
Qc7 9. Nxc6 bxc6 10. Nf3 e6 11. Qe1 a5 12. Qh4 Ba6 13. g4 Rab8 14. Rb1 Rb7 15.
b3 Rfb8 16. Bb2 d4 17. f5 Nd5 18. fxg6 fxg6 19. Ng5 Bf6 20. Rxf6 Nxf6 21. exd4
Qf4 22. dxc5 Qe3+ 23. Qf2 Qxg5 24. Bxf6 Qd5 25. Bf3 Qd7 26. Re1 Rb4 27. g5 Rf8
28. Qe3 h6 29. Be4 hxg5 30. Qxg5 Qf7 31. Bc3 Rxe4 32. dxe4 Qf2+ 33. Kh1 Qf3+
34. Qg2 Qxc3 35. Qxg6+ Qg7 36. Qxe6+ Kh7 37. Rg1 Qf6 38. Qh3+ Qh6 39. Qd7+ Kh8
40. Qd4+ Kh7 41. Qd7+ 1/2-1/2

[Event "Lichtenberger Sommer 2017"]
[Site "Berlin"]
[Date "2017.08.24"]
[Round "6.73"]
[White "Kujawa, Werner"]
[Black "Junge, Wolfgang"]
[Result "1/2-1/2"]
[WhiteElo "1756"]
[BlackElo "1853"]
[PlyCount "82"]
[EventDate "2017.??.??"]
[WhiteTeam "SV Motor Wildau"]
[BlackTeam "SC Friesen Lichtenberg"]

1. Nf3 Nf6 2. c4 e6 3. Nc3 d5 4. e3 Nbd7 5. cxd5 exd5 6. d4 Be7 7. Bd3 c6 8.
O-O O-O 9. b3 Bd6 10. Bb2 Re8 11. Rc1 Nf8 12. Bb1 Bg4 13. h3 Bh5 14. Bf5 Bg6
15. Qc2 Bxf5 16. Qxf5 Qd7 17. Qxd7 N8xd7 18. Rc2 Re7 19. Ne2 Ne4 20. Nc1 f5 21.
Nd3 Rae8 22. Nfe5 Ng5 23. Rfc1 Ne6 24. Nxd7 Rxd7 25. Ne5 Rde7 26. f4 g5 27. g3
Rg7 28. Kh2 h5 29. Rg1 Kh7 30. Rcg2 Be7 31. Bc3 Reg8 32. Be1 h4 33. Nf3 hxg3+
34. Bxg3 gxf4 35. Bxf4 Nxf4 36. Rxg7+ Rxg7 37. Rxg7+ Kxg7 38. exf4 c5 39. dxc5
Bxc5 40. Ne5 Bd6 41. Nd3 Kf6 1/2-1/2

[Event "Lichtenberger Sommer 2017"]
[Site "Berlin"]
[Date "2017.08.24"]
[Round "6.74"]
[White "Matitschka, Johannes"]
[Black "Schiller, Stephan"]
[Result "1/2-1/2"]
[WhiteElo "1780"]
[BlackElo "1584"]
[PlyCount "80"]
[EventDate "2017.??.??"]
[WhiteTeam "TSG Oberschöneweide"]
[BlackTeam "SV Motor Wildau"]

1. e4 d6 2. Nf3 e5 3. g3 Nf6 4. d3 Be7 5. Bg2 c6 6. O-O Bg4 7. h3 Bh5 8. Re1
Na6 9. Nbd2 O-O 10. a4 Nd7 11. Nc4 Nf6 12. b3 Qc8 13. Ba3 c5 14. Kh2 h6 15. Qd2
Nh7 16. Ne3 Qd7 17. Bc1 Nc7 18. h4 Bg6 19. Bh3 Qd8 20. Bf5 Nf6 21. Kg2 Ne6 22.
Bxg6 fxg6 23. Rh1 Nc7 24. Qe2 Nh7 25. h5 g5 26. Nf5 Ne6 27. Bd2 Rf7 28. Raf1
Qf8 29. Be3 Nf6 30. Nh2 Rd8 31. Ng4 Nxg4 32. Qxg4 Nd4 33. Bxd4 cxd4 34. f4 exf4
35. gxf4 d5 36. Nxd4 Rxf4 37. Rxf4 Qxf4 38. Qxf4 gxf4 39. Ne6 Rc8 40. exd5
Rxc2+ 1/2-1/2

[Event "Lichtenberger Sommer 2017"]
[Site "Berlin"]
[Date "2017.08.24"]
[Round "6.75"]
[White "Grassi, Fabrizio"]
[Black "Stuckstedte, Hermann"]
[Result "1-0"]
[WhiteElo "1868"]
[BlackElo "1564"]
[PlyCount "105"]
[EventDate "2017.??.??"]
[WhiteTeam "SV Berlin-Friedrichstadt"]
[BlackTeam "Königsjäger Süd-West"]

1. d4 Nf6 2. Bf4 d5 3. e3 e6 4. Nd2 Bd6 5. Bg3 Bxg3 6. hxg3 Nc6 7. Ngf3 Bd7 8.
c3 a6 9. Bd3 Qe7 10. Ne5 g6 11. Qe2 Nxe5 12. dxe5 Nh5 13. g4 Ng7 14. Nf3 c5 15.
a4 f6 16. Rxh7 O-O-O 17. Rxh8 Rxh8 18. Kd2 f5 19. g5 Qd8 20. Bxa6 bxa6 21.
Qxa6+ Kb8 22. b4 c4 23. b5 Qc8 24. Qd6+ Qc7 25. Qxc7+ Kxc7 26. g3 Rb8 27. Kc2
Kb6 28. a5+ Ka7 29. b6+ Ka6 30. Kd2 Rh8 31. Ne1 f4 32. gxf4 Nf5 33. Nc2 Ne7 34.
Nb4+ Kb7 35. Rb1 Ra8 36. a6+ Kb8 37. Rh1 Bc8 38. b7 Bxb7 39. axb7 Kxb7 40. Rh7
Re8 41. Nc2 Kc8 42. Nd4 Kd7 43. Rg7 Ra8 44. Nc6 Re8 45. Nxe7 Rxe7 46. Rxg6 Rf7
47. Rf6 Rg7 48. g6 Ke7 49. Rf7+ Rxf7 50. gxf7 Kxf7 51. f3 Kg6 52. e4 Kf7 53. f5
1-0

[Event "Lichtenberger Sommer 2017"]
[Site "Berlin"]
[Date "2017.08.24"]
[Round "6.76"]
[White "Küchler, Felix"]
[Black "Kreuchauf, Olaf"]
[Result "1-0"]
[WhiteElo "1782"]
[BlackElo "1691"]
[PlyCount "49"]
[EventDate "2017.??.??"]
[WhiteTeam "SF Friedrichshagen"]
[BlackTeam "SC Eintracht Berlin"]

1. e4 e6 2. d4 d5 3. e5 c5 4. c3 Nc6 5. Nf3 Qb6 6. a3 a5 7. Bd3 Nh6 8. O-O Bd7
9. Bc2 Nf5 10. g4 Nfe7 11. dxc5 Qc7 12. Bf4 Ng6 13. Bg3 Bxc5 14. Re1 Be7 15. a4
Rc8 16. Na3 Bxa3 17. Rxa3 Nge7 18. Bd3 g6 19. Qd2 h5 20. h3 Kf8 21. Qf4 Kg8 22.
Bh4 hxg4 23. hxg4 Rf8 24. Bf6 g5 25. Qxg5+ 1-0

[Event "Lichtenberger Sommer 2017"]
[Site "Berlin"]
[Date "2017.08.24"]
[Round "6.77"]
[White "Seefeld, Marc"]
[Black "Bollenbach, Horst"]
[Result "1/2-1/2"]
[WhiteElo "1924"]
[BlackElo "1723"]
[PlyCount "46"]
[EventDate "2017.??.??"]
[WhiteTeam "Läufer Reinickendorf"]
[BlackTeam "SC Friesen Lichtenberg"]

1. d4 Nf6 2. c4 g6 3. Nf3 Bg7 4. Nc3 d5 5. cxd5 Nxd5 6. e4 Nxc3 7. bxc3 c5 8.
Be3 O-O 9. Be2 Nc6 10. O-O cxd4 11. cxd4 Bg4 12. e5 e6 13. h3 Bf5 14. Qd2 Be4
15. Rfd1 Ne7 16. Bg5 Qd7 17. Qe3 Bc6 18. Bxe7 Qxe7 19. Rab1 a6 20. Nd2 Qh4 21.
Nf3 Qe4 22. Qxe4 Bxe4 23. Rb2 Bh6 1/2-1/2

[Event "Lichtenberger Sommer 2017"]
[Site "Berlin"]
[Date "2017.08.24"]
[Round "6.78"]
[White "Hajou, Mohamad"]
[Black "Roloff, Karsten"]
[Result "1-0"]
[WhiteElo "1789"]
[BlackElo "1588"]
[PlyCount "77"]
[EventDate "2017.??.??"]
[WhiteTeam "SC Kreuzberg"]
[BlackTeam "Königsjäger Süd-West"]

1. e4 e6 2. d4 c5 3. Nf3 cxd4 4. Nxd4 a6 5. Nc3 Qc7 6. g3 Nf6 7. Bg2 Be7 8. O-O
O-O 9. Re1 d6 10. Be3 Nc6 11. a3 Bd7 12. Nf3 Ng4 13. Bg5 Bxg5 14. Nxg5 Nge5 15.
Nf3 Rac8 16. Qe2 Nxf3+ 17. Qxf3 Nd4 18. Qd1 Nb5 19. Nxb5 Bxb5 20. Rc1 Rfd8 21.
c4 Bc6 22. Qd2 Qe7 23. b3 b5 24. cxb5 Bxb5 25. a4 Bd7 26. Qa5 Rxc1 27. Rxc1 Rc8
28. Rxc8+ Bxc8 29. Bf1 Bb7 30. f3 g6 31. Bxa6 Bxe4 32. fxe4 Qa7+ 33. Kg2 Qe3
34. Qb4 d5 35. exd5 exd5 36. Bf1 d4 37. Qb8+ Kg7 38. Qf4 Qc3 39. Qf3 1-0

[Event "Lichtenberger Sommer 2017"]
[Site "Berlin"]
[Date "2017.08.24"]
[Round "6.79"]
[White "Große-Honebrink, Brigitte"]
[Black "Lange, Malina"]
[Result "1-0"]
[WhiteElo "1886"]
[BlackElo "1579"]
[PlyCount "139"]
[EventDate "2017.??.??"]
[WhiteTeam "SC Kreuzberg"]
[BlackTeam "TuS Makkabi Berlin"]

1. d4 d5 2. Nf3 Nf6 3. c4 dxc4 4. Nc3 c5 5. e3 Nc6 6. Bxc4 Bf5 7. Bb5 Qd6 8. d5
a6 9. dxc6 Qxd1+ 10. Kxd1 axb5 11. Nxb5 Nd5 12. cxb7 Rb8 13. Bd2 Rxb7 14. Nc3
e6 15. Nxd5 exd5 16. Bc3 f6 17. Ke2 Bd6 18. Rhd1 Be4 19. h3 O-O 20. Ne1 Be5 21.
f3 Bxc3 22. bxc3 Bg6 23. Rxd5 c4 24. e4 Bf7 25. Rd2 Re8 26. Kf2 Reb8 27. g3 Be6
28. h4 Rb1 29. Rxb1 Rxb1 30. Ke2 Kf7 31. Nc2 Rc1 32. Ke3 Ke7 33. Kd4 h5 34. Ne3
g5 35. hxg5 fxg5 36. Rh2 Bf7 37. Nxc4 Rf1 38. Ne5 Be8 39. Ke3 Rc1 40. Kd4 Rd1+
41. Ke3 Rc1 42. c4 Ke6 43. f4 g4 44. Nd3 Rxc4 45. f5+ Kf6 46. Kf4 Bc6 47. Re2
Rd4 48. Nc5 Rc4 49. Ne6 Rb4 50. Re3 Rc4 51. a3 Bb7 52. Ng5 Ra4 53. Rb3 Bc8 54.
Rb8 Ba6 55. Rb6+ Ke7 56. f6+ Ke8 57. f7+ Ke7 58. Re6+ Kd7 59. f8=Q Kc7 60. Qf7+
Kb8 61. Re8+ Bc8 62. Rxc8+ Kxc8 63. Qe8+ Kb7 64. Qxa4 Kb6 65. Qc4 Kb7 66. Qc5
Ka6 67. Qb4 Ka7 68. Ne6 h4 69. Nc5 Ka8 70. Qb7# 1-0

[Event "Lichtenberger Sommer 2017"]
[Site "Berlin"]
[Date "2017.08.24"]
[Round "6.80"]
[White "Tedesco, Gennaro"]
[Black "Milare, Tyron"]
[Result "1/2-1/2"]
[WhiteElo "1613"]
[BlackElo "1730"]
[PlyCount "79"]
[EventDate "2017.??.??"]
[WhiteTeam "SC Kreuzberg"]
[BlackTeam "Potsdamer SV"]

1. d4 Nf6 2. c4 e6 3. g3 d5 4. Nf3 Bb4+ 5. Bd2 Be7 6. Bg2 Nbd7 7. Qc2 c6 8. O-O
O-O 9. Rd1 b6 10. cxd5 cxd5 11. Nc3 Bb7 12. Rac1 Rc8 13. Qb3 a6 14. Ne1 b5 15.
Nd3 Qb6 16. e3 Ne8 17. Nb1 a5 18. a3 Nd6 19. Nc3 Ba6 20. Bf1 Nc4 21. Qa2 Nxd2
22. Rxd2 b4 23. axb4 axb4 24. Na4 Qa5 25. Rxc8 Rxc8 26. b3 Qc7 27. Kg2 h5 28.
h4 Bb7 29. Be2 g6 30. Qb1 Qc6 31. Bf3 Ba6 32. Nf4 Nf6 33. Nxg6 fxg6 34. Qxg6+
Kf8 35. Bxh5 Nxh5 36. Qxh5 Bb5 37. Qh8+ Kf7 38. Qh5+ Kf8 39. Qh8+ Kf7 40. Qh5+
1/2-1/2

[Event "Lichtenberger Sommer 2017"]
[Site "Berlin"]
[Date "2017.08.24"]
[Round "6.81"]
[White "Lieder, Günter"]
[Black "Murat, Abylay"]
[Result "1-0"]
[WhiteElo "1840"]
[BlackElo "1400"]
[PlyCount "98"]
[EventDate "2017.??.??"]
[WhiteTeam "SK Turm Bad Hersfeld"]
[BlackTeam "vereinslos"]

1. c4 Nf6 2. Nc3 e5 3. g3 Bc5 4. Bg2 d6 5. e3 Bg4 6. Nge2 Qd7 7. Bxb7 c6 8.
Bxa8 Bf3 9. Rf1 Qh3 10. d4 Bb4 11. Qb3 a5 12. a3 Bxc3+ 13. bxc3 O-O 14. Bb2
Bxe2 15. Kxe2 Qxh2 16. Rh1 Qg2 17. Raf1 Qe4 18. Qd1 Nbd7 19. Rh4 Ng4 20. Bxc6
Qxc6 21. Rxg4 Rb8 22. Qc2 Qxc4+ 23. Kd2 Nf6 24. Rh4 g5 25. Rh2 exd4 26. exd4
Qa2 27. Kc1 h5 28. f3 Nd5 29. Re1 h4 30. gxh4 Nf4 31. hxg5 Qxb2+ 32. Qxb2 Nd3+
33. Kb1 Rxb2+ 34. Rxb2 Nxe1 35. Rb6 Nxf3 36. Rxd6 Nxg5 37. Rd5 Ne4 38. Kc2 a4
39. c4 Kf8 40. c5 f6 41. Kd3 Nf2+ 42. Kc4 Ng4 43. Kb5 Ne3 44. Rd7 Ke8 45. c6 f5
46. Rd6 Ke7 47. c7 Nc4 48. Kxc4 Kxd6 49. c8=Q f4 1-0

[Event "Lichtenberger Sommer 2017"]
[Site "Berlin"]
[Date "2017.08.24"]
[Round "6.82"]
[White "David, Daniel"]
[Black "Döring, Martin"]
[Result "0-1"]
[WhiteElo "1392"]
[BlackElo "1758"]
[PlyCount "30"]
[EventDate "2017.??.??"]
[WhiteTeam "SC Erkrath"]
[BlackTeam "SC Weisse Dame (Berlin)"]

1. e4 d5 2. exd5 Nf6 3. c4 c6 4. dxc6 Nxc6 5. Nf3 Bg4 6. Be2 e5 7. O-O Bd6 8.
Ne1 h5 9. Bxg4 hxg4 10. g3 Qa5 11. Kg2 O-O-O 12. d3 e4 13. d4 Rxh2+ 14. Kxh2
Rh8+ 15. Kg2 Qh5 0-1

[Event "Lichtenberger Sommer 2017"]
[Site "Berlin"]
[Date "2017.08.24"]
[Round "6.83"]
[White "Wolff, Marie Antoinette"]
[Black "Regel, Michael"]
[Result "0-1"]
[WhiteElo "1778"]
[BlackElo "1582"]
[PlyCount "124"]
[EventDate "2017.??.??"]
[WhiteTeam "Leegebrucher SF"]
[BlackTeam "SC Friesen Lichtenberg"]

1. c4 e6 2. Nc3 d5 3. d4 Nf6 4. e3 Bb4 5. Bd2 O-O 6. Nf3 b6 7. Qc2 Bb7 8. cxd5
Nxd5 9. Be2 Nd7 10. O-O N5f6 11. Rac1 Bxc3 12. Bxc3 c5 13. Rfd1 Qe7 14. dxc5
Nxc5 15. Bb4 Rac8 16. Ne5 Qc7 17. Nd3 Nfd7 18. Nxc5 Nxc5 19. Bd3 h6 20. f3 Qe5
21. Bxc5 Rxc5 22. Qe2 Rfc8 23. Rxc5 Rxc5 24. Bb1 Rd5 25. Re1 Qd6 26. Qc2 g6 27.
Qb3 Rd2 28. Rf1 Ba6 29. Rc1 Rxg2+ 30. Kxg2 Qd2+ 31. Kg3 Qxc1 32. Qc2 Qg1+ 33.
Kf4 Qg5+ 34. Ke4 Qd5+ 35. Kf4 Qg5+ 36. Ke4 Qh4+ 37. f4 Qh5 38. Kd4 Qd5+ 39. Kc3
Qc4+ 40. Kd2 Qe2+ 41. Kc1 Qxe3+ 42. Qd2 Qxd2+ 43. Kxd2 g5 44. Ke3 Kg7 45. Kf3
f5 46. Bc2 Kf6 47. Kg3 e5 48. fxe5+ Kxe5 49. b3 Bb7 50. Bd1 Be4 51. a4 a5 52.
Be2 Bd5 53. Bd1 Kd4 54. h4 gxh4+ 55. Kxh4 Kc3 56. Kh5 Bxb3 57. Bf3 Bxa4 58.
Kxh6 Bc2 59. Kg5 a4 60. Bd5 Bb3 61. Bc6 a3 62. Kxf5 a2 0-1

[Event "Lichtenberger Sommer 2017"]
[Site "Berlin"]
[Date "2017.08.24"]
[Round "6.84"]
[White "Ellert, Oliver"]
[Black "Bandsom, Olaf"]
[Result "0-1"]
[WhiteElo "1497"]
[BlackElo "1827"]
[PlyCount "67"]
[EventDate "2017.??.??"]
[WhiteTeam "SV Empor Berlin"]
[BlackTeam "SC Friesen Lichtenberg"]

1. e4 e5 2. Nf3 Nc6 3. Bc4 Bc5 4. Nc3 Nf6 5. d3 h6 6. h3 a6 7. a4 d6 8. Be3
Bxe3 9. fxe3 O-O 10. Qe2 Na5 11. Ba2 Bd7 12. g4 Nh7 13. Kd2 Be6 14. Bxe6 fxe6
15. h4 Qf6 16. Raf1 Qe7 17. Qg2 g6 18. g5 h5 19. Rh3 Rf7 20. Ne2 d5 21. Nxe5
Rxf1 22. Qxf1 Rf8 23. Rf3 dxe4 24. Rxf8+ Nxf8 25. Nf4 Qb4+ 26. Kc1 exd3 27.
Nfxd3 Qe7 28. Nf4 Qc5 29. Nfxg6 Nb3+ 30. Kd1 Qd5+ 31. Ke2 Qd2+ 32. Kf3 Nxg6 33.
Nxg6 Qxc2 34. Nf4 0-1

[Event "Lichtenberger Sommer 2017"]
[Site "Berlin"]
[Date "2017.08.24"]
[Round "6.85"]
[White "Plaza Reino, Mateo"]
[Black "Reck, Jessica"]
[Result "0-1"]
[WhiteElo "1370"]
[BlackElo "1730"]
[PlyCount "66"]
[EventDate "2017.??.??"]
[WhiteTeam "Enniscorthy Chess Club"]
[BlackTeam "SK König Tegel"]

1. d4 Nf6 2. Bf4 g6 3. e3 Bg7 4. h3 d6 5. Nf3 O-O 6. Be2 Nbd7 7. c3 b6 8. O-O
Bb7 9. Nbd2 Qe8 10. Bh2 e5 11. dxe5 dxe5 12. Qc2 Qe7 13. Rad1 Rad8 14. Nc4 Nd5
15. Qe4 Nc5 16. Qc2 Nd7 17. Qe4 f5 18. Qc2 Kh8 19. Bg3 f4 20. Bh4 Bf6 21. Bxf6+
Qxf6 22. exf4 Nxf4 23. Rfe1 e4 24. Nfd2 Nxh3+ 25. gxh3 Qxf2+ 26. Kh1 e3+ 27.
Ne4 Nc5 28. Rxd8 Bxe4+ 29. Qxe4 Qxe1+ 30. Kg2 Nxe4 31. Rxf8+ Kg7 32. Rf3 Qxe2+
33. Rf2 Qxf2+ 0-1

[Event "Lichtenberger Sommer 2017"]
[Site "Berlin"]
[Date "2017.08.24"]
[Round "6.86"]
[White "Tschirschwitz, Stephan"]
[Black "Ziems, Michael"]
[Result "0-1"]
[WhiteElo "1584"]
[BlackElo "1816"]
[PlyCount "70"]
[EventDate "2017.??.??"]
[WhiteTeam "Lasker Steglitz-Wilmersdorf"]
[BlackTeam "SV Empor Berlin"]

1. c4 e6 2. d4 d5 3. e3 Nf6 4. Nf3 Be7 5. Bd3 a6 6. O-O dxc4 7. Bxc4 b5 8. Bd3
Bb7 9. Ne5 O-O 10. Qc2 Nbd7 11. Nc6 Bxc6 12. Qxc6 Nd5 13. Qc2 Nb4 14. Qe2 c5
15. Be4 Rc8 16. a3 Nc6 17. Bxc6 Rxc6 18. dxc5 Nxc5 19. Rd1 Qc7 20. Nd2 Rc8 21.
Rb1 Na4 22. Qe1 Bxa3 23. Nb3 Bd6 24. g3 Be5 25. Nd4 Bxd4 26. exd4 Rc2 27. Bf4
Qb7 28. Qb4 Qf3 29. Be3 Rxb2 30. Rdc1 Rxc1+ 31. Rxc1 Qd1+ 32. Kg2 Qxc1 33. Qxa4
Qxe3 34. Qxa6 Qxf2+ 35. Kh3 Qf5+ 0-1

[Event "Lichtenberger Sommer 2017"]
[Site "Berlin"]
[Date "2017.08.24"]
[Round "6.87"]
[White "Matthes, Benjamin"]
[Black "Ellert, Stefan"]
[Result "1-0"]
[WhiteElo "1879"]
[BlackElo "1355"]
[PlyCount "113"]
[EventDate "2017.??.??"]
[WhiteTeam "SC Oranienburg"]
[BlackTeam "SV Empor Berlin"]

1. e4 e5 2. Nf3 Nc6 3. d4 exd4 4. Nxd4 Bc5 5. Be3 Qe7 6. Nc3 Nf6 7. Nf5 Qf8 8.
Nxg7+ Qxg7 9. Bxc5 d6 10. Bd4 Bd7 11. Nd5 Nxd4 12. Qxd4 Nh5 13. Qxg7 Nxg7 14.
Nxc7+ Kd8 15. Nxa8 Kc8 16. O-O-O Ne8 17. Bc4 Be6 18. Bxe6+ fxe6 19. f4 Kd7 20.
e5 Kc6 21. Rhe1 d5 22. Re3 Ng7 23. Rc3+ Kb5 24. Nc7+ Kb6 25. Rd4 a5 26. Nxd5+
exd5 27. Rxd5 Re8 28. Rd6+ Ka7 29. Ra3 Nf5 30. Rxa5+ Kb8 31. Rf6 Ne3 32. g3 Rd8
33. Rd6 Rc8 34. c3 Nc4 35. Rad5 Nxd6 36. Rxd6 Kc7 37. Kd2 Ra8 38. Rh6 Rxa2 39.
Rxh7+ Kc6 40. Rh6+ Kd7 41. Rb6 Kc7 42. Rb4 Ra5 43. g4 Rd5+ 44. Rd4 Rb5 45. Kc2
Rb6 46. Rd6 Rb5 47. h4 Ra5 48. g5 Ra8 49. h5 Rh8 50. h6 b6 51. g6 Rf8 52. g7
Rc8 53. h7 b5 54. g8=Q b4 55. Qxc8+ Kxc8 56. h8=Q+ Kc7 57. Rf6 1-0

[Event "Lichtenberger Sommer 2017"]
[Site "Berlin"]
[Date "2017.08.24"]
[Round "6.88"]
[White "Pixa, Ulrich"]
[Black "Fiedler, Ronald"]
[Result "1-0"]
[WhiteElo "1598"]
[BlackElo "1631"]
[PlyCount "35"]
[EventDate "2017.??.??"]
[WhiteTeam "SV Mattnetz Berlin"]
[BlackTeam "Läufer Reinickendorf"]

1. e4 c5 2. Nf3 Nc6 3. d4 cxd4 4. Nxd4 Nf6 5. Nc3 a6 6. Be3 d6 7. Be2 e6 8. Qd2
Bd7 9. O-O-O Be7 10. f4 Qc7 11. Rhg1 Nxd4 12. Bxd4 e5 13. Be3 O-O-O 14. g4 Bc6
15. Bf3 d5 16. exd5 Nxd5 17. Nxd5 Bxd5 18. Bxd5 1-0

[Event "Lichtenberger Sommer 2017"]
[Site "Berlin"]
[Date "2017.08.24"]
[Round "6.89"]
[White "Freude, Max"]
[Black "Udet, Fabian"]
[Result "1/2-1/2"]
[WhiteElo "1416"]
[BlackElo "1680"]
[PlyCount "41"]
[EventDate "2017.??.??"]
[WhiteTeam "SV Empor Berlin"]
[BlackTeam "1. SC Anhalt"]

1. d4 d5 2. Nf3 Nc6 3. c4 Bg4 4. Nc3 Bxf3 5. gxf3 e6 6. e3 Nf6 7. Be2 Qd7 8. a3
a5 9. Bd2 Be7 10. Rc1 O-O 11. Qc2 e5 12. cxd5 Nxd5 13. Nxd5 Qxd5 14. dxe5 Nxe5
15. Qe4 Qxe4 16. fxe4 c5 17. Bc3 Ng6 18. Rg1 Rfd8 19. Rd1 b6 20. Rxd8+ Rxd8 21.
Bc4 1/2-1/2

[Event "Lichtenberger Sommer 2017"]
[Site "Berlin"]
[Date "2017.08.24"]
[Round "6.90"]
[White "Mueller, Jörg René"]
[Black "Wilke, Hans-Peter"]
[Result "1-0"]
[WhiteElo "1553"]
[BlackElo "1540"]
[PlyCount "55"]
[EventDate "2017.??.??"]
[WhiteTeam "SC Zugzwang 95 (Berlin)"]
[BlackTeam "Läufer Reinickendorf"]

1. f4 c5 2. g3 Nc6 3. e4 d6 4. Nf3 Nf6 5. d3 e6 6. Bg2 Qb6 7. c4 Be7 8. O-O O-O
9. Nc3 a6 10. a3 Bd7 11. h3 Na5 12. Rb1 Nb3 13. Be3 Bc6 14. Nd2 Nxd2 15. Qxd2
Qc7 16. Kh2 Rab8 17. b4 b5 18. f5 bxc4 19. dxc4 cxb4 20. axb4 Qb7 21. Qd3 g6
22. fxg6 hxg6 23. b5 axb5 24. cxb5 Bd7 25. e5 Nd5 26. Nxd5 exd5 27. Bxd5 Bxb5
28. Qxg6+ 1-0

[Event "Lichtenberger Sommer 2017"]
[Site "Berlin"]
[Date "2017.08.24"]
[Round "6.91"]
[White "Bastian, Reinhard"]
[Black "Krüger, Antje-Christine"]
[Result "1-0"]
[WhiteElo "1675"]
[BlackElo "1505"]
[PlyCount "51"]
[EventDate "2017.??.??"]
[WhiteTeam "vereinslos"]
[BlackTeam "TSG Fredersdorf/Vogelsdorf"]

1. e4 d5 2. exd5 Qxd5 3. Nc3 Qa5 4. d4 c6 5. Bc4 Nf6 6. Nf3 Bf5 7. Bd2 Qc7 8.
Ne5 e6 9. Qe2 Nbd7 10. O-O-O Be7 11. f3 Rd8 12. g4 Bg6 13. h4 h6 14. h5 Bh7 15.
Nxf7 Rf8 16. Nxd8 Qxd8 17. Bxe6 Nb6 18. Rhe1 Nbd5 19. Nxd5 cxd5 20. Qb5+ Nd7
21. Qxd5 Nb6 22. Qb5+ Nd7 23. Qxb7 Rf6 24. Bb4 Kf8 25. Bxe7+ Qxe7 26. Bxd7 1-0

[Event "Lichtenberger Sommer 2017"]
[Site "Berlin"]
[Date "2017.08.24"]
[Round "6.92"]
[White "Dittrich, Hans-Juergen"]
[Black "Ni Mhuireagain, Eibhia"]
[Result "0-1"]
[WhiteElo "1305"]
[BlackElo "1521"]
[PlyCount "63"]
[EventDate "2017.??.??"]
[WhiteTeam "SC Eintracht Berlin"]
[BlackTeam "The Ross Chess Club"]

1. d4 d5 2. Bf4 c6 3. Nf3 Nf6 4. e3 Bf5 5. Bd3 Bxd3 6. Qxd3 e6 7. Nbd2 Nbd7 8.
h3 c5 9. c3 Be7 10. Ne5 Qb6 11. Qc2 Rc8 12. b3 cxd4 13. exd4 Qxd4 14. cxd4 Rxc2
15. O-O O-O 16. Rfc1 Rfc8 17. Rxc2 Rxc2 18. Nf1 Nxe5 19. dxe5 Ne4 20. Rc1 Rxf2
21. Rc7 Bf8 22. Be3 Rxa2 23. Rxb7 a6 24. Kh2 Nc5 25. Rb8 Nd7 26. Rd8 Nxe5 27.
Bc5 Ng6 28. h4 Rc2 29. b4 Rc4 30. g3 Rc2+ 31. Kh3 h5 32. g4 0-1

[Event "Lichtenberger Sommer 2017"]
[Site "Berlin"]
[Date "2017.08.24"]
[Round "6.93"]
[White "Winkler, Michael"]
[Black "Kaufmann, Matthias"]
[Result "1-0"]
[WhiteElo "1690"]
[BlackElo "1516"]
[PlyCount "57"]
[EventDate "2017.??.??"]
[WhiteTeam "ESV Eberswalde"]
[BlackTeam "vereinslos"]

1. d4 d5 2. Nf3 e6 3. c4 c6 4. Nc3 Nf6 5. Bg5 Be7 6. Qc2 Nbd7 7. e3 O-O 8. Bd3
h6 9. Bf4 dxc4 10. Bxc4 Nb6 11. Bb3 Bd6 12. Bg3 Qe7 13. O-O Bxg3 14. hxg3 Nfd5
15. e4 Nxc3 16. bxc3 Rd8 17. Rad1 a5 18. a4 Nd7 19. Rfe1 Nf6 20. c4 Ra6 21. e5
Nh7 22. d5 cxd5 23. cxd5 exd5 24. Bxd5 Be6 25. Bxb7 Rxd1 26. Bxa6 Rxe1+ 27.
Nxe1 Qb4 28. Nd3 Bf5 29. Nxb4 1-0

[Event "Lichtenberger Sommer 2017"]
[Site "Berlin"]
[Date "2017.08.24"]
[Round "6.94"]
[White "Gräbnitz, Marc-Florian"]
[Black "Kultscher, Christian"]
[Result "1-0"]
[WhiteElo "1465"]
[BlackElo "1257"]
[PlyCount "53"]
[EventDate "2017.??.??"]
[WhiteTeam "SC Eintracht Berlin"]
[BlackTeam "1. SC Anhalt"]

1. d4 d5 2. Nf3 Nf6 3. Bf4 e6 4. e3 Bd6 5. Bxd6 Qxd6 6. Bd3 b6 7. Nbd2 O-O 8.
O-O Ba6 9. Bxa6 Nxa6 10. c3 c5 11. Re1 Ne4 12. Qc2 Nxd2 13. Qxd2 Nc7 14. Rad1
Rfe8 15. dxc5 bxc5 16. e4 h6 17. exd5 exd5 18. Re2 Rxe2 19. Qxe2 Re8 20. Qd3 c4
21. Qd4 a6 22. Qxc4 Re4 23. Qxe4 dxe4 24. Rxd6 exf3 25. Rc6 Ne6 26. Rxa6 fxg2
27. Kxg2 1-0

[Event "Lichtenberger Sommer 2017"]
[Site "Berlin"]
[Date "2017.08.24"]
[Round "6.95"]
[White "Wolfram, Mike"]
[Black "Lippianowski, Stefan"]
[Result "0-1"]
[WhiteElo "1550"]
[BlackElo "1106"]
[PlyCount "48"]
[EventDate "2017.??.??"]
[WhiteTeam "vereinslos"]
[BlackTeam "SV Mattnetz Berlin"]

1. e4 e5 2. Nf3 Nc6 3. Bc4 h6 4. c3 Nf6 5. d3 Na5 6. Nxe5 Nxc4 7. Nxc4 d6 8.
O-O Be6 9. Ne3 Qe7 10. f4 O-O-O 11. f5 Bd7 12. Qb3 Bc6 13. Nc4 d5 14. exd5 Qc5+
15. Ne3 Bxd5 16. c4 Bc6 17. Kh1 Bd6 18. Nc2 Qe5 19. Bf4 Qe2 20. Ne3 Bxf4 21.
Rxf4 Qxe3 22. Rf1 Rxd3 23. Nc3 Qg5 24. Qc2 Rd2 0-1

[Event "Lichtenberger Sommer 2017"]
[Site "Berlin"]
[Date "2017.08.24"]
[Round "6.96"]
[White "Lange, Gregor Sebastian"]
[Black "Möller, Dirk"]
[Result "0-1"]
[WhiteElo "820"]
[BlackElo "1555"]
[PlyCount "74"]
[EventDate "2017.??.??"]
[WhiteTeam "TSG Oberschöneweide"]
[BlackTeam "SC Kreuzberg"]

1. e4 c5 2. Nf3 e6 3. d4 cxd4 4. Nxd4 Nc6 5. Nxc6 bxc6 6. Nc3 Bc5 7. Be2 Ne7 8.
O-O Ng6 9. Na4 Be7 10. Be3 O-O 11. Nc3 Qc7 12. Qd2 d5 13. a3 f6 14. g3 Bb7 15.
Bf3 Ne5 16. Bg2 a5 17. Qd4 c5 18. Nb5 Qb6 19. Qa4 Bc6 20. Qb3 Qxb5 21. Qxb5
Bxb5 22. Rfd1 d4 23. Bf4 Ng6 24. e5 Rad8 25. exf6 Bxf6 26. Bc7 Rd7 27. Bxa5 e5
28. Bb6 c4 29. c3 d3 30. Bh3 Rb7 31. Be3 Bd7 32. Bg2 Rb5 33. Rab1 Ne7 34. Bf3
Bf5 35. Rd2 e4 36. Bd1 Bxc3 37. a4 Rb7 0-1

[Event "Lichtenberger Sommer 2017"]
[Site "Berlin"]
[Date "2017.08.24"]
[Round "6.97"]
[White "Otter, Nils"]
[Black "Abraham, Helmut"]
[Result "1-0"]
[WhiteElo "1759"]
[BlackElo "1488"]
[PlyCount "43"]
[EventDate "2017.??.??"]
[WhiteTeam "Admira Villach"]
[BlackTeam "SC Kreuzberg"]

1. e4 c5 2. d4 cxd4 3. c3 dxc3 4. Nxc3 e6 5. Nf3 Nc6 6. Bc4 a6 7. O-O Be7 8.
Qe2 d6 9. Rd1 Qc7 10. Be3 Nf6 11. Rac1 O-O 12. Bb3 b5 13. Nd5 Nxd5 14. exd5
exd5 15. Bxd5 Bb7 16. Bxc6 Bxc6 17. Nd4 Qd7 18. Nxc6 Rac8 19. Nxe7+ Qxe7 20.
Qg4 Rxc1 21. Rxc1 Re8 22. h4 1-0